Famous Historical Leaders - Statistics

General Stats
  • This quiz has been taken 248 times
  • The average score is 12 of 15
Answer Stats
Hint Answer % Correct
First leader of the Union of Soviet Socialist Republics Vladimir Lenin
99%
President of the United States during its civil war Abraham Lincoln
93%
Anti-colonist who led a non-violent capaign for Indian freedom. Mahatma Gandhi
93%
Nazi leader who perpetrated the vile acts of the holocaust Adolf Hitler
92%
Most famous Khagan of the Mongol Empire Genghis Khan
90%
Originally known as First Consul, he later became emperor of France. Napoleon Bonaparte
89%
First and only emperor of his respective Chinese dynasty Qin Shi Huang
89%
Man who is partially responsible for the 1871 German unification and was the first Chancellor until 1890 Otto Von Bismark
86%
Viking told to have died in a snake pit around 852 AD Ragnar Lothbrok
84%
Only woman Pharaoh Hatshepsut
81%
Last Shogunate of Japan Tokugawa Yoshinobu
80%
Spartan king who famously battled Persian king Xerxes in 480 BCE Leonidas
78%
German general in World War II who committed suicide in 1944 to avoid trial for treason; Nicknamed the Desert fox. Erwin Rommel
74%
General renowned for his victories for Rome, especially in the Second Punic War Scipio Africanus
62%
Prestigious ruler of the first empire in world history Sargon
41%
No matching quizzes found
Score Distribution
Percent of People with Each Score
Percentile by Number Answered
Your Score History
You have not taken this quiz